№ 4: Приложение; Квант; Компьютерные шахматы

Detaylı Bibliyografya
Parent link:Квант: научно-популярный физико-математический журнал/ Российская академия наук (РАН). № 4: Приложение.— , 1979-
Dil:Rusça
Baskı/Yayın Bilgisi: 2013
TOC:Е. Я. Гик, Компьютерные шахматы;
Konular:
Materyal Türü: Kitap
KOHA link:https://koha.lib.tpu.ru/cgi-bin/koha/opac-detail.pl?biblionumber=525636

MARC

LEADER 00000nam2a2200000 4500
001 525636
005 20231101111458.0
035 |a (RuTPU)RU\TPU\prd\208217 
090 |a 525636 
100 |a 20131216a19709999km y0rusy50 ca 
101 0 |a rus 
102 |a RU 
200 0 |a № 4: Приложение 
210 |d 2013 
461 1 |0 (RuTPU)RU\TPU\prd\1524  |t Квант  |o научно-популярный физико-математический журнал  |f Российская академия наук (РАН)  |v № 4: Приложение  |d 1979- 
464 |t Компьютерные шахматы  |f Е. Я. Гик  |d 2013  |p 144 с.  |s Приложение к журналу "Квант" 
610 1 |a компьютеры 
610 1 |a шахматные программы 
610 1 |a соревнования 
610 1 |a ЭВМ 
610 1 |a эндшпиль 
610 1 |a головоломки 
610 1 |a задачи 
610 1 |a этюды 
610 1 |a гроссмейстеры 
801 0 |a RU  |b 63413507  |c 20010227  |g PSBO 
801 1 |a RU  |b 63413507  |c 20131216 
801 2 |a RU  |b 63413507  |c 20230517  |g RCR 
942 |c BK 
999 |a НТБ_ТПУ  |b НФ  |e -1/20130109  |p П-9068  |s 3/20130508  |u 0,00  |v 1